000 00677nam a2200217 i 4500
001 49544
003 ES-MaACL
005 20230906162013.0
007 t|
008 030717s1983 fr ||||1| fre d
020 _a2-7116-0823-9
100 1 _aCosta de Beauregard, Olivier.
_941090
245 1 3 _aLa notion de temps
_b: équivalence avec l'espace /
_cpar Olivier Costa Beauregard.
250 _a2ª ed.
260 _aParis :
_bJ. Vrin,
_c1983.
300 _a221 p. ;
_c24 cm.
490 1 _aL'histoire des sciences. Textes et études
830 0 _aL'histoire des sciences. Textes et études
_9177448
852 _aES-MaACL
_jL-11868
_bR.113823
999 _c49544
_d49544